Netherlands province capitals - Statistics

General Stats
  • This quiz has been taken 32 times
  • The average score is 8 of 12
Answer Stats
Hint Answer % Correct
Utrecht Utrecht
94%
Noord-Holland Haarlem
83%
Zuid-Holland The Hague
83%
Limburg Maastricht
78%
Groningen Groningen
72%
Flevoland Lelystad
67%
Overijssel Zwolle
67%
Gelderland Arnhem
56%
Drenthe Assen
56%
Zeeland Middelburg
56%
Noord-Brabant 's-Hertogenbosch
56%
Friesland Leeuwarden
50%
No matching quizzes found
Score Distribution
Percent of People with Each Score
Percentile by Number Answered
Your Score History
You have not taken this quiz